Cuenca en el siglo XIX la articulación de una región

সংরক্ষণ করুন:
গ্রন্থ-পঞ্জীর বিবরন
প্রধান লেখক: Palomeque, Silvia
বিন্যাস: পাঠ‍্য
প্রকাশিত: Quito: FLACSO
ট্যাগগুলো: ট্যাগ যুক্ত করুন
কোনো ট্যাগ নেই, প্রথমজন হিসাবে ট্যাগ করুন!

MARC

LEADER 00000 a a2200000 04500
001 24480
003
040
020 |a 9978-67-003-3  
090 |a 167500  
100 |a Palomeque, Silvia  
245 |a Cuenca en el siglo XIX la articulación de una región  
260 |a Quito:   |b FLACSO  
300 |a 296 p   |b **no definido**  
999 |c 12589  |d 12589